| 000 | 00681nam a2200229Ii 4500 | ||
|---|---|---|---|
| 003 | JO-AjNU | ||
| 008 | 230605s9999||||xx |||||||||||||| ||und|| | ||
| 017 | _a2014/1/413 | ||
| 020 | _a978-9957-94-143-7 | ||
| 040 |
_aJO-AjNU _bara _erda _cJO-AjNU |
||
| 041 | _aara | ||
| 050 | 1 | 4 | _aPJ7946.M87 2015 |
| 100 | 3 |
_aالملاح، اسماء, _eauthor _961114 |
|
| 245 | 0 | 0 | _aلقطة سريعة |
| 250 | _aط1 | ||
| 264 | 3 | 1 | _aعمان: وزارة الثقافه، 2015 |
| 300 | _a118ص | ||
| 336 |
_atext _btxt _2rdacontent |
||
| 337 |
_aunmediated _bn _2rdamedia |
||
| 338 |
_avolume _bnc _2rdacarrier |
||
| 650 | 4 |
_aقصص عربيه قصيرة- الأردن- قرن20 _961115 |
|
| 999 |
_aA27604 _c31172 _d31172 |
||